000 00466pab a2200169 454500
008 180718b2003 xxu||||| |||| 00| 0 eng d
100 _aChakraborth, Achin
245 _aHealth care in West Bengal: what is happening?
260 _c2003
300 _ap.5021-023.
362 _a29 Nov
650 _aHealth services - India - West Bengal
650 _aHealth services
700 _aMukherjee, Subrata
773 _aEconomic and Political Weekly
909 _a58835
999 _c58835
_d58835